Estadísticas para Capitales de Provincia Españolas Más Antiguas

Haz click aquí para intentar la prueba.

Estadísticas generales

  • Esta prueba ha sido intentada 48 veces
  • La puntuación promedio es 17 de 22

Estadísticas de respuestas

AñoCiudad% Correcto
1104 A.CCádiz
100%
Siglo III A.CBarcelona
94%
Siglo V A.CTarragona
94%
138 A.CValencia
91%
Siglo X A.CHuelva
87%
Siglo ISegovia
87%
192 A.CToledo
87%
Siglo III A.CZaragoza
87%
Siglo I A.CÁvila
85%
169 A.CCórdoba
81%
79 A.CGerona/Girona
81%
Siglo VI A.CLérida/Lleida
81%
29 A.CLeón
79%
Siglo VII A.CMálaga
77%
Siglo VIII A.CCáceres
74%
179 A.CHuesca
72%
Siglo IV A.CSalamanca
72%
Siglo X A.CJaén
70%
Siglo I A.CLugo
66%
74 A.CPamplona/Iruña
64%
Siglo IOrense/Ourense
60%
26 A.CSantander
55%

Distribución de puntuación

Porcentaje por número respondido

Porcentaje de gente con cada puntuación

Historial de tus puntuaciones

No has intentado esta prueba.